• 首页
  • 本馆介绍
  • 公告通知
  • 最新文献
  • 馆藏检索
  • 电子资源
  • 读者导购
  • 参考咨询
  • 我的图书馆
  • 登录
  • 详细信息显示
  • 放入我的书架
  • 预约/预借图书
  • 作者相关作品
  • 分类相关作品
  • 丛书相关作品
  • 出版社相关作品

书目信息

  • 表格格式
  • 工作单格式
  • 卡片格式
题名:
建筑思维的草图表达
    
 
作者: 普林茨 , 迈耶保克恩 著 ;赵巍岩 译
分册:  
出版信息: 南京   江苏科学技术出版社  2017.3
页数: 120页
开本: 29cm
丛书名:
单 册:
中图分类: TU206
科图分类:
主题词: 建筑设计--德国--图集
电子资源:
ISBN: 978-7-5537-7979-9
000 01119nam0 2200253 450
001 0400004307
005 20171023172142.0
010    @a978-7-5537-7979-9@dCNY39.00
100    @a20170427d2017 em y0chiy50 ea
101 1  @achi@cger
102    @aCN@b320000
105    @aa z 000yy
106    @ar
200 1  @a建筑思维的草图表达@9jian zhu si wei de cao tu biao da@f(德)迪特尔·普林茨,(德)克劳斯·D·迈耶保克恩著@g赵巍岩译
210    @a南京@c江苏科学技术出版社@d2017.3
215    @a120页@c图@d29cm
330    @a本书提供了学习建筑空间草图表达这一技艺的指导和建议。书中草图表达的步骤方法从简单易懂的规则中发展出来,并通过能激发兴趣的实例图进行说明。本书的主旨是将草图作为一种工作方式,作为眼睛和大脑在方案创作过程中共同参与的媒介,并作为方案内容交流与描述的一种载体。书中介绍了不同的绘画技巧和绘画表现手段,并将每种绘画的效果用丰富的实例展现了出来。
606 0  @a建筑设计@y德国@j图集
690    @aTU206@v5
701  0 @c(德)@a普林茨@9pu lin ci@4著
701  0 @c(德)@a迈耶保克恩@9mai ye bao ke en@4著
702  0 @a赵巍岩@9zhao wei yan@4译
801  0 @aCN@b91MARC@c20171023
905    @b1037580-4@dTU206@f5@e1300
    
    建筑思维的草图表达/(德)迪特尔·普林茨,(德)克劳斯·D·迈耶保克恩著/赵巍岩译.-南京:江苏科学技术出版社,2017.3
    120页:图;29cm
    
    
    ISBN 978-7-5537-7979-9:CNY39.00
    本书提供了学习建筑空间草图表达这一技艺的指导和建议。书中草图表达的步骤方法从简单易懂的规则中发展出来,并通过能激发兴趣的实例图进行说明。本书的主旨是将草图作为一种工作方式,作为眼睛和大脑在方案创作过程中共同参与的媒介,并作为方案内容交流与描述的一种载体。书中介绍了不同的绘画技巧和绘画表现手段,并将每种绘画的效果用丰富的实例展现了出来。
●
相关链接 在E读中查询图书 在五车中查询图书 在当当中查询图书 在豆瓣中查询图书


正题名:建筑思维的草图表达     索取号:TU206/1300         预约/预借

序号 登录号 条形码 馆藏地/架位号 状态 备注
1 1037580   210375805   第二样本阅览室/ [索取号:TU206/1300] 在馆    
2 1037581   210375814   第三借阅区/ [索取号:TU206/1300] 在馆    
3 1037582   210375823   第三借阅区/ [索取号:TU206/1300] 在馆    
4 1037583   210375832   第三借阅区/ [索取号:TU206/1300] 在馆    
5 1037584   210375841   密集书库-生命科学系/ [索取号:TU206/1300] 在馆    
唐山师范学院图书馆 欢迎您!
大连网信软件有限公司© 版权所有